| 000 | 00775pam a2200229 a 4500 | ||
|---|---|---|---|
| 020 | _a080943329X | ||
| 020 | _a0809433303 (lib. bdg.) | ||
| 020 | _a0809433311 (mail order ed.) | ||
| 020 | _a080943332X (deluxe ed.) | ||
| 082 | 0 | 0 |
_a383.14409 _bJAC |
| 100 | 1 |
_aJackson, Donald Dale, _938304 |
|
| 245 | 1 | 0 |
_aFlying the mail / _cby Donald Dale Jackson and the editors of Time-Life Books. |
| 260 |
_aAlexandria, Va. : _bTime-Life Books, _cc1982. |
||
| 300 |
_a176 p. : _bill. (some col.) ; _c29 cm. |
||
| 500 | _aIncludes index. | ||
| 526 |
_a0 _b0 _c0 _d383_144090000000000_JAC |
||
| 650 | 0 |
_aAir mail service _xHistory. _938305 |
|
| 650 | 0 |
_aAir mail service _zUnited States _xHistory. _938306 |
|
| 650 | 0 |
_aMCE _9379 |
|
| 710 | 2 |
_aTime-Life Books. _97930 |
|
| 942 |
_2ddc _cBK |
||
| 999 |
_c542934 _d542934 |
||